Middle East Bodies of Water Quiz Stats

 Plays Quiz Updated Nov 12, 2018

Score 0/8 Timer 04:00
9 Plays Today
% Correct
Red Sea
95.4%
Black Sea
89%
Mediterranean Sea
79%
Caspian Sea
77.3%
Persian or Arabian Gulf
66%
Arabian Sea
46.1%
Gulf of Oman
33.6%
Gulf of Aden
32.2%

You're not logged in!

Compare scores with friends on all Sporcle quizzes.
OR
Log In

Sporcle TV

Today on Sporcle TV


Watch our educational content, quiz creation guides, and fun videos on Sporcle TV.

Show Comments

Extras

Top Quizzes Today


Score Distribution

Your Account Isn't Verified!

In order to create a playlist on Sporcle, you need to verify the email address you used during registration. Go to your Sporcle Settings to finish the process.

Report this User

Report this user for behavior that violates our Community Guidelines.

Details: